000 01091nam a2200301 i 4500
003 EG-GICUC
005 20260121101053.0
008 251027s1963 ua ||||fr|||| 000 0 ara d
040 _a EG-GICUC
_bara
_c EG-GICUC
_d EG-GICUC
_erda
041 _heng
082 0 4 _221
_a341.64
_bل و . ح
092 0 4 _221
099 _aLaw1 11 341.64 ل و . ح 1963
100 0 _aلورنس مارتن
_eمؤلف.
245 _aالحياد و عدم الإنحياز/
_cلورنس مارتن.
264 1 _aمصر:
_bلجنة الكتب السياسية,
_c1963.
300 _a؛358 صفحة
_c27 سم
336 _2rda content
_atext
337 _2rda media
_aComputer
338 _2rda carrier
_aOnline Resource
546 _aالنص أغلبه باللغة العربية مع بعض النصوص الإنجليزية
650 1 _aالقانون الدولي العام
650 1 _aالحياد(قانون دولي)
700 _aخيري حماد
_eمترجم.
856 4 0 _uhttps://fll.law.cu.edu.eg/fulltext/bks/B11-06369.pdf
905 _aLogain Ashraf
942 _2ddc
_cBK
_e21
_n0
999 _c37924
_d37924